Las teorías sociológicas desde la segunda guerra mundial: análisis multidimensional
שמור ב:
| מחבר ראשי: | |
|---|---|
| פורמט: | ספר |
| שפה: | ספרדית |
| יצא לאור: |
Barcelona
Gedisa
1989
|
| סדרה: | Sociología. Serie Cladema
|
| נושאים: | |
| תגים: |
הוספת תג
אין תגיות, היה/י הראשונ/ה לתייג את הרשומה!
|
MARC
| LEADER | 00000nam a2200000 a 4500 | ||
|---|---|---|---|
| 001 | UCW5574 | ||
| 003 | CL-VaPUC | ||
| 008 | 910612e19890000SP |||||||||||||||||spa|d | ||
| 020 | |a 8474323843 | ||
| 082 | 0 | 4 | |a 301 |b ALE |2 21 |
| 100 | 0 | |a Alexander, Jeffrey C |e author |9 310577 | |
| 245 | 1 | 4 | |a Las teorías sociológicas desde la segunda guerra mundial: análisis multidimensional |
| 300 | |a 315 p | ||
| 942 | |c BK | ||
| 945 | |d 19910612 00:00:00 | ||
| 260 | |a Barcelona |b Gedisa |c 1989 | ||
| 650 | 7 | |a SOCIOLOGIA SIGLO 20 |2 CL-VaPUC |9 308518 | |
| 583 | |a last modification |c 20160901 11:18:42 |k Rodrigo Vera | ||
| 490 | 0 | |a Sociología. Serie Cladema | |
| 999 | |c 218968 |d 218966 | ||
| 952 | |0 0 |1 0 |4 0 |6 301_000000000000000_ALE_1989 |7 0 |8 A |9 209361 |a BIBEDU |b BIBEDU |d 2019-11-15 |i 2771934 |o 301 ALE 1989 |p 2771934 |r 2019-11-15 |w 2019-11-15 |y BK |k EDU | ||
| 952 | |0 0 |1 0 |4 0 |6 301_000000000000000_ALE_1989 |7 0 |8 A |9 209362 |a BIBGIM |b BIBGIM |d 2019-11-15 |i 4173309 |o 301 ALE 1989 |p 4173309 |r 2025-01-15 |w 2019-11-15 |y BK |k SSL | ||